000 00399nmm a2200145Ia 4500
008 251105s9999||||xx |||||||||||||||||und||
041 _aspa
100 _aNavas Corredera, Yolanda
245 0 _aRASSEN
264 _a[Madrid, España] :
_bLantia,
_c2016
300 _a815 páginas
650 _aScience fiction & Fantasy
856 _uhttps://public.digitaliapublishing.com/a/87435
942 _cCF
999 _c105985
_d105985